[Event "EU-ch Seniors 12th"]
[Site "Kaunas"]
[Date "2012.08.20"]
[Round "3"]
[White "Ibragimov, Eduard"]
[Black "Jorgensen, Arne Bjorn"]
[Result "0-1"]
[WhiteElo "1782"]
[BlackElo "1983"]
[PlyCount "70"]
[EventDate "2012.08.18"]
[EventType "swiss"]
[EventRounds "9"]
[EventCountry "LTU"]
[SourceTitle "CBM 150 Extra"]
[Source "ChessBase"]
[SourceDate "2012.10.19"]
[SourceVersion "1"]
[SourceVersionDate "2012.10.19"]
[SourceQuality "1"]

1. e4 e6 2. d4 d5 3. Nd2 dxe4 4. Nxe4 Be7 5. Nf3 Nd7 6. Be2 Ngf6 7. Nxf6+ Nxf6 8. 0-0 0-0 9. h3 b6 10. Bg5 Bb7 11. c3 Rc8 12. Qa4 a5 13. Rad1 h6 14. Bc1 Qd7 15. Bb5 c6 16. Be2 Qc7 17. Ne5 Rfd8 18. Bf3 b5 19. Qc2 c5 20. Bxb7 Qxb7 21. dxc5 Bxc5 22. Qe2 Qe4 23. Qxe4 Nxe4 24. Nd3 Bb6 25. Be3 Bxe3 26. fxe3 f6 27. Nf4 Kf7 28. Nd3 Ke7 29. Rfe1 Rd6 30. Nf2 Nd2 31. Kh1 Rcd8 32. Rc1 g5 33. a3 e5 34. e4 h5 35. h4 Nc4 0-1

[Event "RUS-ch Seniors"]
[Site "Lesnoj Gorodok"]
[Date "2009.10.06"]
[Round "4"]
[White "Ibragimov, Eduard"]
[Black "Koshil, Tikhon Stepanovich"]
[Result "0-1"]
[WhiteElo "1933"]
[BlackElo "2128"]
[PlyCount "68"]
[EventDate "2009.10.03"]
[EventType "swiss"]
[EventRounds "9"]
[EventCountry "RUS"]
[SourceTitle "CBM 132 Extra"]
[Source "ChessBase"]
[SourceDate "2009.11.03"]
[SourceVersion "1"]
[SourceVersionDate "2009.11.03"]
[SourceQuality "1"]

1. e4 d6 2. d4 g6 3. Nf3 Bg7 4. Be2 Nd7 5. 0-0 e6 6. Be3 Ne7 7. Nbd2 0-0 8. Ng5 h6 9. Nh3 b6 10. f4 Bb7 11. Bd3 f5 12. c3 Nf6 13. Nf2 d5 14. e5 Ne4 15. Kh1 Rc8 16. c4 c5 17. Rc1 cxd4 18. Bxd4 Nc6 19. Nf3 Nb4 20. Bb1 dxc4 21. a3 Nxf2+ 22. Rxf2 Nd5 23. Qd2 Rf7 24. h3 Rd7 25. g3 Ne7 26. Rd1 Bxf3+ 27. Rxf3 Nc6 28. Qg2 Rxd4 29. Rdf1 Rd2 30. R1f2 Rd1+ 31. Rf1 Rxf1+ 32. Qxf1 Qd5 33. Kg1 Rd8 34. Bc2 Nd4 0-1